Nociones de historia natural

Gespeichert in:
Bibliographische Detailangaben
1. Verfasser: Cendrero Curiel, Orestes
Format: Buch
Sprache:Spanisch
Erschienen: Reinosa Imprenta y Encuadernación de Antonio Andrey y Compañía 1922
Ausgabe:3ª. ed.
Katalog:MANES:  Suchergebnis im Bibliothekskatalog
Schulbuchspezifische Eigenschaften:
Tags: Tag hinzufügen
Keine Tags, Fügen Sie den ersten Tag hinzu!
Hinzugefügt zu:17.06.2019
Geändert in:17.06.2019

MARC

LEADER 00000nam a2200000 4500
005 20190618011107.0
008 190618b xxu||||| |||| 00| 0 spa d
040 |a centro_manes  |c  universidad_colima 
100 |9 17690  |a Cendrero Curiel, Orestes 
245 |a Nociones de historia natural 
250 |a  3ª. ed. 
260 |a Reinosa   |b Imprenta y Encuadernación de Antonio Andrey y Compañía   |c 1922 
300 |a 343 p.   |c 21 cm.   |e Ils. 
500 |a Campo 500: Aparece: Francisco Ziga, "Bibliografía Pedagógica. Libros de texto para enseñanza primaria: 1850-1970 VII y VIII. "Libros de Ciencias Naturales. Lecciones y Nociones de Cosas." en Boletín del Instituto de Investigaciones Bibliográficas 1981-1982, Biblioteca Nacional, Hemeroteca Nacional, Universidad Nacional Autónoma de México, Nos. 18 - 19, p. 372.  |a Corregida y aumentada  
690 0 |a CN 
691 0 |a PRI 
942 |2 ddc  |c BK 
999 |c 85586  |d 85586 
999 |c manes:85586  |d 85586